zpět

Detail výsledku týmu

U Lucerny ČT, Brno

Datum a čas kvízu

31 Celkem bodů Celkový počet nahraných bodů na tomto kvízu bez doplňovacích otázek.
4. Pořadí na kvízu Konečné umístění týmu na tomto kvízu.

Zaznamenané odpovědi

# Otázka Odpověď Body Výsledky
1. Až v americké Atlantě skončily... Benešovi 0
2. Parlament jisté evropské země... Spojené království Velké Británie a Severního Irska 1
3. Jak se jmenuje muž, který byl... Milan Rastislav Štefánik 0
4. Autobusový dopravce Flixbus po... Eurolines 1
5. Slavného španělského brankáře,... Iker Casillas 0
6. Jelikož minulý týden uplynulo... Německo 0
7. V celkem kolika státech EU (vč... v sedmi státech 1
8. Která ze členských zemí EU má... Švédsko 1
9. Které tři státy EU mají nejmen... Kypr, Lucembursko, Malta 0
10. V roce 1986 rozšířily Evropská... Španělsko a Portugalsko 1